00397nam a2200145 i 450000100060000000300090000600500170001500700030003200800410003510000350007624500420011126000550015330000220020885200210023057760ES-MaACL20250930063054.0t|031017s1915 xxu ||||1| eng d1 aDreiser, Theodore, d1871-194514aThe "genius" / cby Theodore Dreiser. aNew York : b[s.n.], c1915 (fImp. Little & Ives) a736 p. ; c20 cm. aES-MaACLjF-5553